What country is this? #2 - Statistics

General Stats
  • This quiz has been taken 24 times
  • The average score is 10 of 16
Answer Stats
Picture Answer % Correct
Georgia
91%
Kosovo
83%
Malta
83%
North Macedonia
83%
Bosnia & Herzegovina
78%
Turkmenistan
74%
Latvia
70%
Nicaragua
65%
Maldives
61%
Tonga
61%
Antigua and Barbuda
57%
Oman
57%
Comoros
52%
Djibouti
48%
St. Vincent and the Grenadines
43%
Gambia
39%
No matching quizzes found
Score Distribution
Percent of People with Each Score
Percentile by Number Answered
Your Score History
You have not taken this quiz